[Event "RSA-ch U10"]
[Site "Gauteng"]
[Date "2017.04.06"]
[Round "3"]
[White "Van Schaik, Migael"]
[Black "Liang, Yi Tao"]
[Result "1-0"]
[WhiteElo "1355"]
[BlackElo "933"]
[PlyCount "76"]
[EventDate "2017.04.05"]
[EventType "swiss"]
[EventRounds "11"]
[EventCountry "RSA"]
[SourceTitle "CBM 177 Extra"]
[Source "ChessBase"]
[SourceDate "2017.04.27"]
[SourceVersion "1"]
[SourceVersionDate "2017.04.27"]
[SourceQuality "1"]

1. e4 e6 2. d4 d5 3. Nc3 dxe4 4. Nxe4 Nd7 5. Nf3 Ngf6 6. Bd3 Be7 7. Be3 0-0 8. 0-0 Nxe4 9. Bxe4 Nf6 10. Bd3 Ng4 11. Bd2 Bd7 12. h3 Nf6 13. c3 c5 14. Be3 Rc8 15. dxc5 Bxc5 16. Bxc5 Rxc5 17. Re1 Rd5 18. Qc2 Bc6 19. Rad1 Qa5 20. Nd4 Rc8 21. Nxc6 Rxc6 22. a3 g6 23. Be4 Rxd1 24. Rxd1 Nxe4 25. Qxe4 Qf5 26. Qxf5 exf5 27. f4 Rb6 28. Rd2 Kg7 29. Kf2 Re6 30. Re2 Kf6 31. g3 h6 32. c4 Rc6 33. Rc2 b5 34. c5 a5 35. b4 axb4 36. axb4 g5 37. Ra2 Ke6 38. Ra8 Kd5 1-0

[Event "RSA-ch U10"]
[Site "Gauteng"]
[Date "2017.04.05"]
[Round "1"]
[White "Jordaan, Wian"]
[Black "Liang, Yi Tao"]
[Result "0-1"]
[WhiteElo "691"]
[BlackElo "933"]
[PlyCount "22"]
[EventDate "2017.04.05"]
[EventType "swiss"]
[EventRounds "11"]
[EventCountry "RSA"]
[SourceTitle "CBM 177 Extra"]
[Source "ChessBase"]
[SourceDate "2017.04.27"]
[SourceVersion "1"]
[SourceVersionDate "2017.04.27"]
[SourceQuality "1"]

1. f4 e6 2. d3 d5 3. Nf3 c5 4. Bd2 Be7 5. Nc3 Nc6 6. e3 Nf6 7. Qe2 0-0 8. 0-0-0 Qa5 9. Nxd5 Qxa2 10. Nxe7+ Nxe7 11. d4 Qa1# 0-1